Čislennyje metody rešenija differenciaľnych uravnenij /
Uložené v:
| Hlavný autor: | |
|---|---|
| Médium: | Kniha |
| Jazyk: | Russian German |
| Vydané: |
Moskva :
Izd. inostrannoj literatury,
1953.
|
| Vydanie: | 1. izd. |
| ISBN: |
(viaz.) |
| Fyzický popis: |
459 s. |
| Tagy: |
Pridať tag
Žiadne tagy, Buďte prvý kto otaguje tento záznam!
|
Titul je dostupný aj v ... 

MARC
| LEADER | 00000nam a2200000 a 4500 | ||
|---|---|---|---|
| 001 | 000103439 | ||
| 005 | 20101213171215.0 | ||
| 008 | 040101s1953 ru e rusod | ||
| 020 | |a (viaz.) | ||
| 040 | |a SVKKK |b slo |c SVKKK |e AACR2 | ||
| 041 | 1 | |a rus |h ger | |
| 044 | |a ru |c RU | ||
| 100 | 1 | |a Collatz, Lothar. |d 1910-1990 |4 aut | |
| 245 | 1 | 0 | |a Čislennyje metody rešenija differenciaľnych uravnenij / |c Lothar Collatz. |
| 250 | |a 1. izd. | ||
| 260 | |a Moskva : |b Izd. inostrannoj literatury, |c 1953. | ||
| 300 | |a 459 s. | ||
| 546 | |a Preklad z nem. | ||
| 910 | |a svkkk | ||
| 998 | |a BK | ||
| 090 | |g SCKHL |k Sklad Pribinova 3. posch. |a V.71603 |j 416325 |i 103439-10 |s Prezenčne | ||